01786nam a2200301 a 450000100100000000500170001000800410002704000250006808200140009324500650010726000540017230000280022649000930025450400290034750504850037665000180086165000240087970000240090370000330092770000310096070000350099183000550102683000520108191000370113395201840117095201130135499900170146700003586320240509200459.0111115s1958 fr 000 0 fre d aDO-SdBNPbspacBNPHU a160bL83200aLogique et perception /cJérôme S. Bruner ... [et. al.]. aParis :bPresses Universitaires de France,c1958. a204 p. :bil. ;c22 cm.1 aBiblothéque scientifique internatonale. Études D´épistémologie génétiquev6 aBibliografía: p. 45-480 aLe processus de préparation à la perception /rpar J.S. Bruner.tLes isomorphismes partiels entre les structureslogiques et les structures perceptives ;rJean Piaget et Albert Morf.tLes préinferénces perceptives et leurs relations avec les schèmes$asensori-moteurs et opératoires /rJean Piaget et Albert Morf.tPerception et indices perceptifs /rFrançois BressonaInfluence des schémes inductifs sur la perception : étude expérimentale /rFrançois Bresson 0aLógica9332 4aPercepción93512112aMorf, Albert96184612aBruner, Jérôme S.95077212aBresson, François96184712aPiaget, Jeand1896-1980940350 0aÉtudes D´épistémologie génétique961848 0aBiblothéque scientifique internatonale961849 aValidado. Control de calidad MFF 001050718MOaGRbGRcHDd2011-11-15iLF1l0o160 L832p35863-10r2020-06-25w2020-06-25y1zPerteneció a la biblioteca personal de Juan Isidro Jimenes GrullónZNo se presta 0010507-18MOaGRbGRcOId2011-11-15iLF1l0o160 L832p35864-10r2020-06-25w2020-06-25y1ZNo se presta c35354d35354